000 00744cam a22002291 4500
001 he 66001568
003 DLC
005 20260227111441.0
008 820628s1966 nyuabc b 000 0 yid
010 _ahe 66001568
035 _a(OCoLC)8557494
040 _aDLC
_cFHC
_dFHC
_dOCoLC
_dDLC
042 _apremarc
050 0 0 _aBS580.A3
_bG7
100 1 _aGrushkin, Hyman.
245 1 3 _aDi ṿelt fun Avrohom;
_barkealagie, geshikhṭe, legende.
_c[Fun] Ḥaym Grushḳin.
260 _aNew York,
_bShulsinger,
_c5726, 1966.
300 _a320 p.
_billus., map, ports.
_c24 cm.
500 _aAdded t. p.: The world of Abraham.
504 _a"Arkealagishe oyfḳlerungen un bibliografie": p. [297]-320.
600 0 0 _aAbraham
_c(Biblical patriarch)
999 _c31931
_d31931